| 000 | 00000nam##2200000za#4500 |
| 001 | 9.531146 |
| 003 | CaOODSP |
| 005 | 20200327080000 |
| 007 | ta |
| 008 | 150406|1998||||xxc||||| f|0| 0 eng|d |
| 020 | |a0-660-60738-7 |
| 040 | |aCaOODSP|beng |
| 041 | |aeng |
| 041 | |afre |
| 043 | |an-cn--- |
| 086 | 1 |aBT31-4/72-1998 |
| 110 | 1 |aCanada. |bTreasury Board. |
| 245 | 10|aSecurity Intelligence Review Committee |
| 260 | |aOttawa - Ontario : |bTreasury Board of Canada Secretariat |c1998. |
| 300 | |aEnglish text, 18p. : |btables ; |c28 cm. |
| 490 | 1 |aPerformance report for the period ending March 31, 1998 |
| 546 | |aBilingual |
| 563 | |aSoftcover |
| 590 | |a98-45|b1998-11-06 |
| 776 | 0#|tSecurity Intelligence Review Committee, performance report for the period ending March 31, 1998 |w(CaOODSP)9.568978 |
| 776 | 0#|tComité de surveillance des activités de renseignement de sécurité, rapport sur le rendement pour la période se terminant le 31 mars 1998 |w(CaOODSP)9.600221 |
| 792 | |tComité de surveillance des activités de renseignement de sécurité|efre|w(CaOODSP)9.531147 |
| 830 | #0|aPerformance report for the period ending March 31, 1998.|w(CaOODSP)9.508974 |